00503 a2200145 450000500170000002000180001708200170003510000190005224500440007126000550011530000230017094200130019399900130020695201380021920250313153707.0 a0 905762 19 3 a335.0096 BAB aBABU, M. R. A. aAfrican Socialism or Socialist Africa?  aDar es Salaam,bTanzania Publishing House, c1981. axvi, 174p.: c22cm 2ddccBKS c576d576 r2025-03-13 15:38:33l0o335.0096 BABp0000002276v30000.00w2025-03-13yBKS102ddc407000aCBEMLbCBEMLcGENd2025-03-13g10000.00